| 000 | 00798nam a2200229Ia 4500 | ||
|---|---|---|---|
| 005 | 20250108124833.0 | ||
| 008 | 008 250107s9999 xx 000 0 hin d | ||
| 020 | _a978-81-86336-27-4 | ||
| 037 | _aTB | ||
| 040 |
_aCRL _bhin _cCRL |
||
| 041 |
_ahin _2hin |
||
| 084 | _aU8 152R2 | ||
| 084 | _qCRL | ||
| 100 | _aनागदा, माधव, संपा. | ||
| 245 | 0 |
_aकमर मेवाड़ी: रचना संचयन _cनागदा, माधव, संपा. |
|
| 260 |
_aदिल्ली, भारत _bभावना प्रकाशन _c2378 |
||
| 300 | _a312पृ0 | ||
| 365 |
_aINR _b150 |
||
| 650 |
_aहिन्दी निबंधहिन्दी साहित्य _9729733 |
||
| 942 |
_cTB _hU8 152R2 |
||
| 999 |
_c1234766 _d1234766 |
||